The Mountain Of Adventure (Record no. 49056)
| 000 -LEADER | |
|---|---|
| fixed length control field | 00349nam a22001217a 4500 |
| 008 - FIXED-LENGTH DATA ELEMENTS--GENERAL INFORMATION | |
| fixed length control field | 250729b |||||||| |||| 00| 0 eng d |
| 020 ## - INTERNATIONAL STANDARD BOOK NUMBER | |
| International Standard Book Number | 9781447298984 |
| 100 ## - MAIN ENTRY--PERSONAL NAME | |
| Personal name | Enid Blyton (Author) |
| 9 (RLIN) | 86418 |
| 245 ## - TITLE STATEMENT | |
| Title | The Mountain Of Adventure |
| 260 ## - PUBLICATION, DISTRIBUTION, ETC. (IMPRINT) | |
| Place of publication, distribution, etc | London |
| Name of publisher, distributor, etc | Pan Macmillan |
| Date of publication, distribution, etc | 2015 |
| 300 ## - PHYSICAL DESCRIPTION | |
| Extent | 270 pages |
| Other physical details | col. ill. |
| Dimensions | 12.7 x 1.78 x 19.69 cm |
| 942 ## - ADDED ENTRY ELEMENTS (KOHA) | |
| Source of classification or shelving scheme | |
| Withdrawn status | Lost status | Source of classification or shelving scheme | Damaged status | Not for loan | Collection code | Home library | Current library | Date acquired | Total Checkouts | Full call number | Barcode | Date last seen | Price effective from | Koha item type |
|---|---|---|---|---|---|---|---|---|---|---|---|---|---|---|
| Siem Reap | Asian Hope Siem Reap | Asian Hope Siem Reap | 07/29/2025 | FIC ENI | 208991 | 07/29/2025 | 07/29/2025 | Book |